000 00591nam a22002177a 4500
003 UA-OsUOA
001 78393
007 ta
008 20111011b un ||||| |||| 00| 0 ukr d
100 _aГоловін А.
090 _a34
_bГ61
942 _cSA
040 _aUA-OsUOA
_bukr
_cUA-OsUOA
_dUA-OsUOA
245 _aЗахист основоположних прав людини і громадянина...
300 _aС.13-17
955 _a0
041 _aukr
080 _a34
773 0 _w78392
_tВіче
_dК.
_d2011
_g17
650 7 _a34 Право. Юриспруденція
_2UDC
999 _c364689
_d364689